000
00230nam a22000857a 4500
008
160720b xxu||||| |||| 00| 0 eng d
100
_9
3079
_a
Luthra H.L
245
_a
Physical Education-IX & X
260
_a
New Delhi
_b
PPC Publication
_c
2011
999
_c
2642
_d
2642